[Event "Staufer op 34th"]
[Site "Schwaebisch Gmuend"]
[Date "2024.01.05"]
[Round "8"]
[White "Volkov, Mykyta"]
[Black "Stoettner, Lukas"]
[Result "1-0"]
[WhiteElo "2281"]
[BlackElo "2164"]
[PlyCount "139"]
[EventDate "2024.01.02"]
[EventType "swiss"]
[EventRounds "9"]
[EventCountry "GER"]
[SourceTitle "CB02_2024"]
[SourceDate "2024.01.10"]
[SourceVersion "1"]
[SourceVersionDate "2024.01.10"]
[SourceQuality "1"]

1. d4 d5 2. c4 e6 3. Nc3 c5 4. e3 Nf6 5. Nf3 a6 6. cxd5 exd5 7. Be2 Nc6 8. 0-0 h6 9. b3 cxd4 10. Nxd4 Bd6 11. Bb2 0-0 12. Nxc6 bxc6 13. Rc1 Bf5 14. Na4 Bd7 15. Nc5 Bc8 16. g3 Re8 17. Bf3 a5 18. Re1 Qe7 19. Qd4 Qf8 20. Na4 Be5 21. Qc5 Qxc5 22. Rxc5 Bxb2 23. Nxb2 Bb7 24. Na4 Nd7 25. Rc2 Kf8 26. Bg2 Ne5 27. Nc5 Bc8 28. Kf1 Ba6+ 29. Kg1 Bc8 30. Rec1 Bf5 31. Rc3 Rab8 32. h3 h5 33. f4 Nd7 34. Na6 Rb6 35. Nc7 d4 36. Nxe8 dxc3 37. Nd6 Bd3 38. Rxc3 Bb1 39. Rxc6 Bxa2 40. Rxb6 Nxb6 41. Nb7 Bxb3 42. Nxa5 Be6 43. Nc6 g6 44. Kf2 Kg7 45. e4 Bd7 46. Nd4 Na4 47. Ke3 Nc5 48. Bf1 Bc8 49. h4 Bb7 50. Bd3 Bc8 51. Bc2 Bd7 52. Nf3 Kf6 53. Kd4 Ne6+ 54. Kd5 Ke7 55. f5 gxf5 56. exf5 Ng7 57. Ke5 f6+ 58. Kf4 Kf7 59. Nd4 Bc8 60. Ba4 Kg8 61. Bb3+ Kh7 62. Bf7 Ba6 63. Ne6 Be2 64. Nf8+ Kh6 65. Ne6 Bc4 66. Nxg7 Bxf7 67. Ne6 Be8 68. Ke4 Ba4 69. Kd5 Bc2 70. Nd4 1-0

[Event "Heusenstamm Sparkassen op-A 6th"]
[Site "Heusenstamm"]
[Date "2019.11.24"]
[Round "7"]
[White "Volkov, Mykyta"]
[Black "Barzen, Pascal"]
[Result "1/2-1/2"]
[WhiteElo "2142"]
[BlackElo "2312"]
[PlyCount "94"]
[EventDate "2019.11.21"]
[EventType "swiss"]
[EventRounds "7"]
[EventCountry "GER"]
[SourceTitle "CBM 193 Extra"]
[Source "ChessBase"]
[SourceDate "2020.01.31"]
[SourceVersion "1"]
[SourceVersionDate "2020.01.31"]
[SourceQuality "1"]

1. d4 Nf6 2. c4 e6 3. Nc3 Bb4 4. Qc2 d5 5. a3 Bxc3+ 6. Qxc3 dxc4 7. Qxc4 a6 8. Bf4 Nd5 9. Bg3 b5 10. Qc2 Bb7 11. Nf3 Nd7 12. e4 N5f6 13. e5 Nd5 14. Bd3 h6 15. 0-0 Rc8 16. b4 g5 17. h4 Qe7 18. Qd2 gxh4 19. Bxh4 Qf8 20. Ne1 Qg7 21. f3 Rg8 22. Be4 Nf8 23. Nd3 Ba8 24. Bxd5 Bxd5 25. Nf4 Qh7 26. a4 Bc4 27. axb5 axb5 28. Rfd1 Ng6 29. Nh5 Nxh4 30. Qf2 Rxg2+ 31. Qxg2 Nxg2 32. Nf6+ Ke7 33. Nxh7 Ne3 34. Rd2 Nd5 35. Rh2 Nxb4 36. Rxh6 Nc6 37. Nf6 Nxd4 38. Kf2 Nb3 39. Rd1 Nc5 40. Ke3 Ra8 41. f4 Ra3+ 42. Kd4 Nd3 43. Rd2 Ra8 44. Ke3 Nc5 45. Rd1 Ra3+ 46. Kd4 Nd3 47. Rd2 Ra8 1/2-1/2

[Event "Oberliga NRW 1819"]
[Site "Germany"]
[Date "2019.05.12"]
[Round "9.1"]
[White "Schmidt, Bodo"]
[Black "Volkov, Mykyta"]
[Result "1-0"]
[WhiteElo "2329"]
[BlackElo "2150"]
[PlyCount "39"]
[EventDate "2018.09.16"]
[EventType "team-tourn"]
[EventRounds "9"]
[EventCountry "GER"]
[SourceTitle "EXT 2020"]
[Source "ChessBase"]
[SourceDate "2019.10.17"]
[SourceVersion "1"]
[SourceVersionDate "2019.10.17"]
[SourceQuality "1"]
[WhiteTeam "Siegburg"]
[BlackTeam "Gerresheim"]
[WhiteTeamCountry "GER"]
[BlackTeamCountry "GER"]

1. d4 Nf6 2. Nf3 d5 3. c4 e6 4. e3 Be7 5. Bd3 0-0 6. 0-0 c5 7. b3 b6 8. Bb2 Bb7 9. Nc3 Nc6 10. Rc1 Rc8 11. cxd5 Nxd5 12. dxc5 Nxc3 13. Rxc3 Bxc5 14. Bxh7+ Kxh7 15. Rd3 Ba6 16. Rxd8 Rfxd8 17. Ng5+ Kg6 18. Qg4 f5 19. Qg3 Bd6 20. f4 1-0

[Event "Maastricht Limburg op-A 11th"]
[Site "Maastricht"]
[Date "2017.06.04"]
[Round "4"]
[White "Beerdsen, Thomas"]
[Black "Volkov, Mykyta"]
[Result "1-0"]
[WhiteElo "2455"]
[BlackElo "2177"]
[PlyCount "81"]
[EventDate "2017.06.02"]
[EventType "swiss"]
[EventRounds "7"]
[EventCountry "NED"]
[SourceTitle "CBM 178 Extra"]
[Source "ChessBase"]
[SourceDate "2017.06.22"]
[SourceVersion "1"]
[SourceVersionDate "2017.06.22"]
[SourceQuality "1"]

1. e4 e6 2. d4 d5 3. Nd2 Nf6 4. e5 Nfd7 5. f4 c5 6. c3 Nc6 7. Ndf3 Qb6 8. g3 Be7 9. Kf2 cxd4 10. cxd4 f6 11. Kg2 0-0 12. Bd3 f5 13. Ne2 a5 14. h3 a4 15. g4 Nb4 16. Bb1 Qc7 17. a3 Nc6 18. Nc3 Nb6 19. Ba2 Qd7 20. gxf5 exf5 21. Be3 Na5 22. Nd2 Rd8 23. Qf3 Qc6 24. Rac1 Be6 25. Kh2 Qd7 26. Qe2 Rac8 27. Qb5 Qxb5 28. Nxb5 Nbc4 29. Nxc4 dxc4 30. Nc3 Nb3 31. Rcd1 Bd5 32. Rhf1 Rc6 33. Nxa4 b5 34. Nc3 b4 35. axb4 Bxb4 36. Nxd5 Rxd5 37. Bxb3 cxb3 38. Rd3 Rc2+ 39. Rf2 Be1 40. Rg2 Rc4 41. Rxb3 1-0

[Event "NRW Class2 1617"]
[Site "Germany"]
[Date "2016.12.11"]
[Round "4.7"]
[White "Volkov, Mykyta"]
[Black "Pfleger, Sascha"]
[Result "1/2-1/2"]
[WhiteElo "2187"]
[BlackElo "2067"]
[PlyCount "109"]
[EventDate "2016.09.25"]
[EventType "team-tourn"]
[EventRounds "9"]
[EventCountry "GER"]
[SourceTitle "EXT 2023"]
[Source "ChessBase"]
[SourceDate "2022.10.05"]
[SourceVersion "1"]
[SourceVersionDate "2022.10.05"]
[SourceQuality "1"]
[WhiteTeam "Gerresheim"]
[BlackTeam "Letmathe"]
[WhiteTeamCountry "GER"]
[BlackTeamCountry "GER"]

1. d4 e6 2. c4 Bb4+ 3. Bd2 Qe7 4. g3 Nf6 5. Nc3 Bxc3 6. Bxc3 Ne4 7. Rc1 a5 8. Bg2 Nxc3 9. Rxc3 Nc6 10. Nf3 0-0 11. 0-0 d6 12. d5 Nd8 13. Qc2 Ra6 14. c5 exd5 15. cxd6 Qxd6 16. Rxc7 Rc6 17. Rxc6 Nxc6 18. Rd1 Qf6 19. Qc3 Qxc3 20. bxc3 Be6 21. Rb1 Rc8 22. Rxb7 Nd8 23. Ra7 Rxc3 24. h4 Kf8 25. Rxa5 Nc6 26. Ra4 Rc1+ 27. Kh2 Rc2 28. Bf1 d4 29. Nxd4 Nxd4 30. Rxd4 Bxa2 31. Rd8+ Ke7 32. Rd3 Bc4 33. Re3+ Kd6 34. Kg2 h5 35. f3 Be6 36. Kf2 Rc1 37. Rd3+ Ke5 38. Rd2 g6 39. f4+ Kf6 40. Bg2 Rc3 41. Bf3 Bh3 42. e4 Rc1 43. Be2 Rh1 44. Bf3 Rf1+ 45. Ke3 Re1+ 46. Re2 Ra1 47. Rd2 Rb1 48. Kf2 Rf1+ 49. Ke2 Ra1 50. Rd1 Ra2+ 51. Ke3 Bg2 52. e5+ Ke7 53. Be2 Bh3 54. Rd3 Ra1 55. Rc3 1/2-1/2

[Event "Paderborn op 11th"]
[Site "Paderborn"]
[Date "2014.12.29"]
[Round "5"]
[White "Kurayan, Ruslan"]
[Black "Volkov, Mykyta"]
[Result "1-0"]
[WhiteElo "2415"]
[BlackElo "2123"]
[PlyCount "59"]
[EventDate "2014.12.27"]
[EventType "swiss"]
[EventRounds "7"]
[EventCountry "GER"]
[SourceTitle "CBM 164 Extra"]
[Source "ChessBase"]
[SourceDate "2015.03.02"]
[SourceVersion "1"]
[SourceVersionDate "2015.03.02"]
[SourceQuality "1"]

1. e4 e6 2. d4 d5 3. Nc3 Nf6 4. e5 Nfd7 5. f4 c5 6. Nf3 Nc6 7. Be3 Be7 8. Qd2 0-0 9. Be2 b6 10. 0-0 f5 11. Nd1 cxd4 12. Nxd4 Nxd4 13. Bxd4 Nc5 14. Nf2 a5 15. Rfd1 Qd7 16. Qe3 Ba6 17. Bf3 Rfc8 18. a3 Qc6 19. Rac1 b5 20. b4 Na4 21. Nd3 Nc3 22. Rd2 axb4 23. axb4 Qc4 24. Bc5 Kf7 25. Bxe7 Kxe7 26. g4 fxg4 27. Bxg4 Qe4 28. Qb6 Qg6 29. Qd6+ Kf7 30. Rg2 1-0

[Event "Paderborn op 11th"]
[Site "Paderborn"]
[Date "2014.12.27"]
[Round "2"]
[White "Volkov, Mykyta"]
[Black "Gutman, Lev"]
[Result "0-1"]
[WhiteElo "2123"]
[BlackElo "2408"]
[PlyCount "42"]
[EventDate "2014.12.27"]
[EventType "swiss"]
[EventRounds "7"]
[EventCountry "GER"]
[SourceTitle "CBM 164 Extra"]
[Source "ChessBase"]
[SourceDate "2015.03.02"]
[SourceVersion "1"]
[SourceVersionDate "2015.03.02"]
[SourceQuality "1"]

1. d4 Nf6 2. Nf3 g6 3. c4 Bg7 4. Nc3 d5 5. g3 0-0 6. Bg2 dxc4 7. Qa4 Nc6 8. Qxc4 Be6 9. Qa4 Nd5 10. e3 Nb6 11. Qd1 Bc4 12. Nd2 Bd3 13. a3 e5 14. d5 Nd4 15. exd4 exd4 16. Nde4 dxc3 17. Nxc3 Re8+ 18. Be3 Ba6 19. Qf3 Nc4 20. 0-0-0 Bxc3 21. bxc3 Qd6 0-1

[Event "Oberliga NRW 1112"]
[Site "Germany"]
[Date "2011.11.13"]
[Round "3.6"]
[White "Klein, Felix"]
[Black "Volkov, Mykyta"]
[Result "1-0"]
[WhiteElo "2208"]
[BlackElo "2177"]
[PlyCount "57"]
[EventDate "2011.09.18"]
[EventType "team-tourn"]
[EventRounds "9"]
[EventCountry "GER"]
[SourceTitle "EXT 2015"]
[Source "ChessBase"]
[SourceDate "2014.11.20"]
[SourceVersion "1"]
[SourceVersionDate "2014.11.20"]
[SourceQuality "1"]
[WhiteTeam "Aachen SV"]
[BlackTeam "Gerresheim"]
[WhiteTeamCountry "GER"]
[BlackTeamCountry "GER"]

1. e4 e6 2. d4 d5 3. Nc3 Bb4 4. e5 Ne7 5. a3 Bxc3+ 6. bxc3 c5 7. Qg4 Qc7 8. Qxg7 Rg8 9. Qxh7 cxd4 10. Ne2 dxc3 11. f4 Nbc6 12. Qd3 Nf5 13. Rb1 Bd7 14. Qxc3 d4 15. Qc4 0-0-0 16. g3 f6 17. Bg2 fxe5 18. 0-0 exf4 19. Nxf4 Nd6 20. Qe2 e5 21. Nd5 Qa5 22. Bd2 Qc5 23. Bb4 Nxb4 24. axb4 Qc4 25. Qxe5 Bc6 26. Ne7+ Kc7 27. Bxc6 bxc6 28. Nxg8 Rxg8 29. Qe7+ 1-0

[Event "Dortmund op"]
[Site "Dortmund"]
[Date "2009.07.09"]
[Round "6"]
[White "Volkov, Mykyta"]
[Black "Spyrou, Emanuel"]
[Result "1/2-1/2"]
[WhiteElo "2115"]
[BlackElo "2246"]
[PlyCount "44"]
[EventDate "2009.07.04"]
[EventType "swiss"]
[EventRounds "9"]
[EventCountry "GER"]
[SourceTitle "CBM 131 Extra"]
[Source "ChessBase"]
[SourceDate "2009.09.03"]
[SourceVersion "2"]
[SourceVersionDate "2009.09.16"]
[SourceQuality "1"]

1. d4 Nf6 2. c4 g6 3. Nc3 Bg7 4. e4 d6 5. Be2 0-0 6. Nf3 Na6 7. Bg5 h6 8. Be3 e5 9. Nd2 exd4 10. Bxd4 Nc5 11. 0-0 Re8 12. f3 Ne6 13. Be3 c6 14. Nb3 g5 15. Qd2 Qe7 16. Rad1 Bf8 17. g3 Nc5 18. Kg2 Nfxe4 19. Nxe4 Nxe4 20. fxe4 Qxe4+ 21. Kf2 Bh3 22. Bd3 Qg2+ 1/2-1/2

[Event "BL2-West 0809"]
[Site "Germany"]
[Date "2009.02.01"]
[Round "6.7"]
[White "Volkov, Mykyta"]
[Black "Hendriks, Willy"]
[Result "0-1"]
[WhiteElo "2105"]
[BlackElo "2445"]
[PlyCount "60"]
[EventDate "2008.10.05"]
[EventType "team-tourn"]
[EventRounds "9"]
[EventCountry "GER"]
[SourceTitle "CBM 129 Extra"]
[Source "ChessBase"]
[SourceDate "2009.05.05"]
[SourceVersion "2"]
[SourceVersionDate "2009.05.20"]
[SourceQuality "1"]
[WhiteTeam "Gerresheim"]
[BlackTeam "Bochum SG"]
[WhiteTeamCountry "GER"]
[BlackTeamCountry "GER"]

1. d4 Nf6 2. Nf3 d6 3. e3 g6 4. b4 Bg7 5. Bb2 0-0 6. c4 Nbd7 7. Be2 e5 8. Nc3 Re8 9. Qb3 a5 10. b5 exd4 11. exd4 d5 12. c5 Ne4 13. Qxd5 Nxc3 14. Bxc3 Qe7 15. Ne5 Nxe5 16. dxe5 Bxe5 17. Qxe5 Qxe5 18. Bxe5 Rxe5 19. Rc1 Bg4 20. f3 Rae8 21. 0-0 Rxe2 22. fxg4 Rxa2 23. Rf2 Rxf2 24. Kxf2 a4 25. Ra1 Ra8 26. Ke3 a3 27. Ra2 Kf8 28. Kd4 Ke7 29. Kd5 Ra5 30. g5 Rxb5 0-1

[Event "Dortmund Sparkassen op"]
[Site "Dortmund"]
[Date "2008.07.06"]
[Round "9"]
[White "Volkov, Mykyta"]
[Black "Szobries, Harald"]
[Result "1-0"]
[WhiteElo "2084"]
[BlackElo "1931"]
[PlyCount "59"]
[EventDate "2008.06.30"]
[EventType "swiss"]
[EventRounds "9"]
[EventCountry "GER"]
[SourceTitle "CBM 125 Extra"]
[Source "ChessBase"]
[SourceDate "2008.09.01"]
[SourceVersion "1"]
[SourceVersionDate "2008.09.01"]
[SourceQuality "1"]

1. d4 d6 2. Nf3 Nf6 3. c4 Nbd7 4. Nc3 e5 5. e4 c6 6. Be2 Be7 7. 0-0 0-0 8. Be3 Ng4 9. Bd2 a6 10. d5 cxd5 11. cxd5 Ngf6 12. b4 b5 13. a4 bxa4 14. Qxa4 Nb6 15. Qb3 Bb7 16. Be3 Ng4 17. Bd2 f5 18. exf5 Rxf5 19. h3 Nh6 20. Bd3 Rxf3 21. gxf3 Bg5 22. Qc2 Rc8 23. Bxh7+ Kh8 24. Be4 Bf4 25. Bxf4 exf4 26. Qd3 Qg5+ 27. Kh2 Rxc3 28. Qxc3 Nxd5 29. Bxd5 Bxd5 30. Ra5 1-0

[Event "Dortmund Sparkassen op"]
[Site "Dortmund"]
[Date "2008.07.02"]
[Round "4"]
[White "Kartsev, Alexandr"]
[Black "Volkov, Mykyta"]
[Result "1-0"]
[WhiteElo "1975"]
[BlackElo "2084"]
[PlyCount "71"]
[EventDate "2008.06.30"]
[EventType "swiss"]
[EventRounds "9"]
[EventCountry "GER"]
[SourceTitle "CBM 125 Extra"]
[Source "ChessBase"]
[SourceDate "2008.09.01"]
[SourceVersion "1"]
[SourceVersionDate "2008.09.01"]
[SourceQuality "1"]

1. e4 e6 2. d4 d5 3. e5 c5 4. c3 Qb6 5. Nf3 Nc6 6. a3 c4 7. Be2 f6 8. 0-0 fxe5 9. Nxe5 Nxe5 10. dxe5 Bc5 11. Qc2 Ne7 12. Nd2 0-0 13. Nf3 Bd7 14. Bg5 Be8 15. Rad1 Nc6 16. Bh4 Bg6 17. Qd2 Na5 18. Nd4 Bxd4 19. cxd4 Nb3 20. Qc3 Rf4 21. Bg5 Nxd4 22. Rxd4 Qxd4 23. Bxf4 Qxf4 24. Qb4 Qxe5 25. Bg4 Rf8 26. Re1 Qf6 27. f3 Bf5 28. Bxf5 exf5 29. Qxb7 Qb6+ 30. Qxb6 axb6 31. Re6 Rf6 32. Re5 d4 33. Kf2 Rc6 34. Ke2 Rc5 35. Rxc5 bxc5 36. a4 1-0

[Event "Dortmund Sparkassen op"]
[Site "Dortmund"]
[Date "2008.07.01"]
[Round "3"]
[White "Volkov, Mykyta"]
[Black "Maciag, Bartosz"]
[Result "1-0"]
[WhiteElo "2084"]
[BlackElo "1791"]
[PlyCount "71"]
[EventDate "2008.06.30"]
[EventType "swiss"]
[EventRounds "9"]
[EventCountry "GER"]
[SourceTitle "CBM 125 Extra"]
[Source "ChessBase"]
[SourceDate "2008.09.01"]
[SourceVersion "1"]
[SourceVersionDate "2008.09.01"]
[SourceQuality "1"]

1. d4 Nf6 2. c4 e6 3. Nc3 b6 4. e4 Bb4 5. Bd3 Bxc3+ 6. bxc3 d6 7. f4 e5 8. Nf3 Bg4 9. h3 Bxf3 10. Qxf3 Qe7 11. 0-0 Nbd7 12. a4 a5 13. Rb1 c5 14. Rb2 h6 15. Be3 Rc8 16. Qg3 Nh5 17. Qg4 exf4 18. Bxf4 Nxf4 19. Qxg7 Ng6 20. Rbf2 Rf8 21. e5 Ndxe5 22. dxe5 Nxe5 23. Be4 Qg5 24. Qh7 Rc7 25. Bd5 Rg8 26. Qb1 Qe3 27. Qxb6 Rd7 28. Qb8+ Rd8 29. Qb5+ Rd7 30. Kh1 Kf8 31. Qxa5 Kg7 32. Qb5 Qxc3 33. Qxd7 Nxd7 34. Rxf7+ Kh8 35. Rxd7 Qb4 36. Re7 1-0

[Event "Dortmund op-A"]
[Site "Dortmund"]
[Date "2007.06.26"]
[Round "4"]
[White "Matula, Artur"]
[Black "Volkov, Mykyta"]
[Result "0-1"]
[WhiteElo "1685"]
[BlackElo "2022"]
[PlyCount "38"]
[EventDate "2007.06.22"]
[EventType "swiss"]
[EventRounds "9"]
[EventCountry "GER"]
[SourceTitle "EXT 2008"]
[Source "ChessBase"]
[SourceDate "2007.11.25"]
[SourceVersion "1"]
[SourceVersionDate "2007.11.25"]
[SourceQuality "1"]

1. e4 e6 2. d4 d5 3. Nd2 Nc6 4. Ngf3 Nf6 5. e5 Nd7 6. Bd3 f6 7. exf6 Qxf6 8. c3 Bd6 9. 0-0 0-0 10. Qe2 e5 11. dxe5 Ndxe5 12. Nxe5 Nxe5 13. Bc2 Bg4 14. f3 Bh5 15. Nb3 Rae8 16. Qf2 Ng4 17. Qd2 Bxh2+ 18. Kh1 Qh4 19. Qg5 Nf2+ 0-1